000 00342pab a2200145 454500
008 180718b1999 xxu||||| |||| 00| 0 eng d
100 _aDasgupta, R.K.
245 _aVande Mataram: ambiguities of the Indian nation
260 _c1999
300 _ap.8
362 _a20 Oct
650 _aNationalism
773 _aStatesman
909 _a44392
999 _c44392
_d44392